Amitav Ghosh : an introduction /

Бібліографічні деталі
Автор: Hawley, John C. (John Charles), 1947-
Формат: Книга
Мова:English
Опубліковано: Delhi : Foundation Books, 2005.
Серія:Contemporary Indian writers in English
Предмети:
Classic Catalogue: View this record in Classic Catalogue
LEADER 01017nam a2200265 a 4500
001 0017266
003 BD-DhAAL
008 090808s2005 ii b 000 0 eng d
010 |a \\2005389104 
020 |a 8175962593 
040 |a DLC  |c DLC  |d DLC  |d BD-DhAAL 
082 0 0 |a 823.914  |2 22 
100 1 |a Hawley, John C.  |q (John Charles),  |d 1947-  |9 58382 
245 1 0 |a Amitav Ghosh :  |b an introduction /  |c John C. Hawley. 
260 |a Delhi :  |b Foundation Books,  |c 2005. 
300 |a x, 213 p. ;  |c 23 cm 
490 0 |a Contemporary Indian writers in English 
504 |a Includes bibliographical references (p. [185]-213). 
526 |a ENH 
541 1 |e 00017266  |a Words N' Pages 
600 1 0 |a Ghosh, Amitav  |x Criticism and interpretation.  |9 58383 
852 4 |a Ayesha Abed Library  |c General Stacks 
942 |2 ddc  |c BK 
999 |c 3678  |d 3678 
952 |0 0  |1 0  |2 ddc  |4 0  |6 823_914000000000000_HAW  |7 0  |9 3337  |a BRACUL  |b BRACUL  |c GEN  |d 2009-09-03  |e Words N' Pages  |g 390.00  |l 6  |m 17  |o 823.914 HAW  |p 3010017266  |r 2025-06-19  |s 2025-06-18  |t 1  |v 780.00  |w 2009-09-03  |y BK